Primer seminario latinoamericano de profesores de extensión agrícola /

Guardado en:
Autor Corporativo: Seminario latinoamericano de profesores de extensión agrícola Turrialba, Costa Rica)
Formato: Libro
Idioma:Spanish
Publicado: Turrialba : IICA, 1965.
Etiquetas: Agregar Etiqueta
Sin Etiquetas, Sea el primero en etiquetar este registro!
LEADER 00544nam a22001335a 4500
001 EEA.libagro004078
005 20190408125438.0
008 130809s1965####cr############100#0#spa#d
082 0 4 |a 630.715 
111 2 |a Seminario latinoamericano de profesores de extensión agrícola  |n (1 :  |d 3 al 20 de mayo de 1965 :  |c Turrialba, Costa Rica) 
245 1 0 |a Primer seminario latinoamericano de profesores de extensión agrícola /  |c IICA. 
260 |a Turrialba :  |b IICA,  |c 1965. 
300 |a 186 p. ;  |c 28 cm. 
859 |a AR-BbBCA  |b BIB. AGRONOMIA  |h 630.715  |i S471 1 1965  |p 1989/1316